| 000 | 00773nam a2200205Ia 4500 | ||
|---|---|---|---|
| 001 | 8756 | ||
| 003 | GE_BSU | ||
| 008 | 181216s||||||||xx |||||||||||||| ||und|| | ||
| 040 | _cGE_BSU | ||
| 080 | _a821.353.1–1+821.353.1–11+82=03 | ||
| 100 | _aიაშვილი, პაოლო | ||
| 245 | _aლექსები,პოემა,თარგმნები | ||
| 245 | _cწიგნი შეადგინა შალვა დემეტრაძემ. რედ:ირაკლი აბაშიძე. | ||
| 260 | _aთბილისი | ||
| 260 | _bსახელგამი | ||
| 260 | _c1955 | ||
| 300 | _a219გვ.1ფ.პორტრ.21სმ. | ||
| 653 | _aლექსები,პოემა,თარგმნები | ||
| 942 | _cBK | ||
| 999 |
_c42066 _d42066 |
||